ბათუმის შოთა რუსთაველის სახელმწიფო უნივერსიტეტის ბიბლიოთეკა

სკოლამდელი ასაკის ბავშვთა ორგანიზმის გამოწრთობა / (ბიბ.ჩანაწერი № 62030)

000 -ლიდერი
ფიქსირებული სიგრძის საკონტროლო ველი 00877nam a22001817a 4500
003 - საკონტროლო ნომრის იდენტიფიკატორი
საკონტროლო ველი Ge_BSU
005 - ბოლო ოპერაციის თარიღი და დრო
საკონტროლო ველი 20240625105442.0
008 - ფიქსირებული სიგრძის მონაცემთა ელემენტები - ზოგადი ინფორმაცია
ფიქსირებული სიგრძის საკონტროლო ველი 240625s1953 ge ||||| |||| 00| 0 geo d
041 ## - ენის კოდი
Language code of text/sound track or separate title geo
080 ## - უნივერსალური ათობითი კლასიფიკაციის ინდექსი
Universal Decimal Classification number 613.7 ლ-36
100 ## - მთავარი ჩანაწერი - პიროვნების სახელი
Personal name ლევი-გორინევსკაია, ე.ბ.
9 (RLIN) 22565
245 ## - ცნობა სათაურის შესახებ
Title სკოლამდელი ასაკის ბავშვთა ორგანიზმის გამოწრთობა /
Statement of responsibility, etc ე.ბ. ლევი-გორინევსკაია.
264 ## - წარმოების, გამოცემის, დისტრიბუციის და სხვა ცნობები
გამოცემის, წარმოების, დისტრიბუციის... ადგილი თბილისი :
გამოცემის, წარმოების, დისტრიბუციის... სახელწოდება საქმედგამი,
გამოცემის, წარმოების, დისტრიბუციის... თარიღი 1953.
300 ## - ფიზიკური აღწერა
Extent 38 გვ. ;
Other physical details 21 სმ.
490 ## - სერიის ცნობა
Series statement სანიტარული განათლების ბიბლიოთეკა ; 103
653 ## - INDEX TERM--UNCONTROLLED
Uncontrolled term ბავშვთა ორგანიზმის გამოწრთობა
942 ## - ADDED ENTRY ELEMENTS (KOHA)
Source of classification or shelving scheme
Koha item type წიგნი
ეგზემპლარები
ჩამოწერის სტატუსი დაკარგული ეგზემპლარის სტატუსი კლასიფიკაციის წყარო ან თაროზე გაწყობის სქემა დაზიანების სტატუსი არ გაიცემა მუდმივი მდებარეობა (დაცვის ადგილი) ამჟამინდელი ადგილსამყოფელი თაროზე განთავსების ადგილი შეძენის თარიღი ღირებულება, შესყიდვის ნორმალური ფასი სრული შენახვის შიფრი შტრიხკოდი ბოლო ოპერაციის თარიღი ეგზემპლარის მიმდევრობითი ნომერი (კეტერი?) ფასის ძალაში შესვლის თარიღი ეგზემპლარის სახეობა საჯარო შენიშვნა
          ბათუმის შოთა რუსთაველის სახელმწიფო უნივერსიტეტის მთავარი ბიბლიოთეკა ბათუმის შოთა რუსთაველის სახელმწიფო უნივერსიტეტის მთავარი ბიბლიოთეკა წიგნსაცავი 2024-06-25 0.10 613.7 ლ-36 68308 2024-06-25 68308 2024-06-25 წიგნი 0.10 თ.